<?xml version="1.0" encoding="UTF-8"?>
<record
    xmlns:xsi="http://www.w3.org/2001/XMLSchema-instance"
    xsi:schemaLocation="http://www.loc.gov/MARC21/slim http://www.loc.gov/standards/marcxml/schema/MARC21slim.xsd"
    xmlns="http://www.loc.gov/MARC21/slim">

  <leader>02471cam a2200361 a 4500</leader>
  <controlfield tag="001">15473306</controlfield>
  <controlfield tag="003">OSt</controlfield>
  <controlfield tag="005">20221124152804.0</controlfield>
  <controlfield tag="008">080930s2010    ohua     b    001 0 eng  </controlfield>
  <datafield tag="010" ind1=" " ind2=" ">
    <subfield code="a">  2008938608</subfield>
  </datafield>
  <datafield tag="015" ind1=" " ind2=" ">
    <subfield code="a">GBA928520</subfield>
    <subfield code="2">bnb</subfield>
  </datafield>
  <datafield tag="016" ind1="7" ind2=" ">
    <subfield code="a">014932703</subfield>
    <subfield code="2">Uk</subfield>
  </datafield>
  <datafield tag="020" ind1=" " ind2=" ">
    <subfield code="a">9780324594713</subfield>
  </datafield>
  <datafield tag="020" ind1=" " ind2=" ">
    <subfield code="a">0324594712</subfield>
  </datafield>
  <datafield tag="035" ind1=" " ind2=" ">
    <subfield code="a">(OCoLC)ocn318670177</subfield>
  </datafield>
  <datafield tag="040" ind1=" " ind2=" ">
    <subfield code="a">UKM</subfield>
    <subfield code="c">LC</subfield>
    <subfield code="d">YDXCP</subfield>
    <subfield code="d">BTCTA</subfield>
    <subfield code="d">TEF</subfield>
    <subfield code="d">DLC</subfield>
  </datafield>
  <datafield tag="042" ind1=" " ind2=" ">
    <subfield code="a">ukblcatcopy</subfield>
    <subfield code="a">lccopycat</subfield>
  </datafield>
  <datafield tag="050" ind1="0" ind2="0">
    <subfield code="a">HG4026.B85</subfield>
  </datafield>
  <datafield tag="082" ind1="0" ind2="4">
    <subfield code="a">658.15</subfield>
    <subfield code="2">22</subfield>
  </datafield>
  <datafield tag="100" ind1="1" ind2=" ">
    <subfield code="a">Brigham, Eugene F.,</subfield>
    <subfield code="9">814</subfield>
  </datafield>
  <datafield tag="245" ind1="1" ind2="0">
    <subfield code="a">Intermediate financial management /</subfield>
    <subfield code="c">Eugene F. Brigham, Phillip R. Daves.</subfield>
  </datafield>
  <datafield tag="250" ind1=" " ind2=" ">
    <subfield code="a">10th ed.</subfield>
  </datafield>
  <datafield tag="260" ind1=" " ind2=" ">
    <subfield code="a">Cincinnati, Ohio ;</subfield>
    <subfield code="a">United Kingdom :</subfield>
    <subfield code="b">South-Western, Cengage Learning,</subfield>
    <subfield code="c">c2010.</subfield>
  </datafield>
  <datafield tag="300" ind1=" " ind2=" ">
    <subfield code="a">xxviii, 1041 p. :</subfield>
    <subfield code="b">ill. ;</subfield>
    <subfield code="c">26 cm.</subfield>
  </datafield>
  <datafield tag="504" ind1=" " ind2=" ">
    <subfield code="a">Includes index.</subfield>
  </datafield>
  <datafield tag="505" ind1=" " ind2=" ">
    <subfield code="a">Contents: Fundamental concepts of corporate finance: An overview of financial management -- Risk and return: part I -- Risk and return: part II -- Bond valuation -- Basic stock valuation -- Financial options -- Accounting for financial management -- Analysis of financial statements -- Corporate valuation: Financial planning and forecasting financial statements -- Determining the cost of capital -- Corporate valuation and value-based management -- Project valuation: Capital budgeting: decision criteria -- Capital budgeting decisions: part II -- Distributions to shareholders: dividends and repurchases -- Strategic financing decisions: Capital structure decisions: part I -- Capital structure decisions: part II -- Distributions to shareholders: dividends and repurchases -- Tactical financing decisions: Initial public offerings, investment banking and financial restructuring -- Lease financing -- Hybrid financing: preferred stock, warrants and convertibles -- Working capital management: Working capital management -- Providing and obtaining credit -- Other topics in working capital management -- Special topics: Derivatives and risk management -- Bankruptcy, reorganization and liquidation -- Mergers,LBOs, divestitures and holding companies -- Multinational financial management -- </subfield>
  </datafield>
  <datafield tag="650" ind1=" " ind2="0">
    <subfield code="a">Business enterprises</subfield>
    <subfield code="x">Finance.</subfield>
    <subfield code="9">807</subfield>
  </datafield>
  <datafield tag="650" ind1=" " ind2="0">
    <subfield code="a">Corporations</subfield>
    <subfield code="x">Finance.</subfield>
    <subfield code="9">801</subfield>
  </datafield>
  <datafield tag="700" ind1="1" ind2=" ">
    <subfield code="a">Daves, Phillip R.</subfield>
    <subfield code="9">815</subfield>
  </datafield>
  <datafield tag="906" ind1=" " ind2=" ">
    <subfield code="a">7</subfield>
    <subfield code="b">cbc</subfield>
    <subfield code="c">copycat</subfield>
    <subfield code="d">3</subfield>
    <subfield code="e">ncip</subfield>
    <subfield code="f">20</subfield>
    <subfield code="g">y-gencatlg</subfield>
  </datafield>
  <datafield tag="942" ind1=" " ind2=" ">
    <subfield code="2">lcc</subfield>
    <subfield code="c">BK</subfield>
  </datafield>
  <datafield tag="999" ind1=" " ind2=" ">
    <subfield code="c">9332</subfield>
    <subfield code="d">16832</subfield>
  </datafield>
  <datafield tag="952" ind1=" " ind2=" ">
    <subfield code="0">0</subfield>
    <subfield code="1">0</subfield>
    <subfield code="2">lcc</subfield>
    <subfield code="4">0</subfield>
    <subfield code="7">0</subfield>
    <subfield code="a">WIUC-KL</subfield>
    <subfield code="b">WIUC-KL</subfield>
    <subfield code="c">GEN</subfield>
    <subfield code="d">2019-10-31</subfield>
    <subfield code="l">0</subfield>
    <subfield code="o">HG4026.B85(10e)</subfield>
    <subfield code="p">K/1063/1063/19</subfield>
    <subfield code="r">2022-11-24 00:00:00</subfield>
    <subfield code="w">2022-11-24</subfield>
    <subfield code="y">BK</subfield>
  </datafield>
</record>
